<?xml version="1.0" encoding="UTF-8"?>
<record
    xmlns:xsi="http://www.w3.org/2001/XMLSchema-instance"
    xsi:schemaLocation="http://www.loc.gov/MARC21/slim http://www.loc.gov/standards/marcxml/schema/MARC21slim.xsd"
    xmlns="http://www.loc.gov/MARC21/slim">

  <leader>01088nam a2200241 a 4500</leader>
  <controlfield tag="008">241016s2018    sp            000 0 glg d</controlfield>
  <datafield tag="041" ind1=" " ind2=" ">
    <subfield code="a">glg</subfield>
  </datafield>
  <datafield tag="110" ind1="2" ind2=" ">
    <subfield code="9">27374</subfield>
    <subfield code="a">CCOO.</subfield>
    <subfield code="b">Galicia</subfield>
    <subfield code="c">Secretar&#xED;a de Mujer</subfield>
  </datafield>
  <datafield tag="245" ind1="1" ind2="0">
    <subfield code="a">D&#xED;a Mundial polo Acceso ao Aborto e Seguro polos Deritos Sexuais e Reprodutivos</subfield>
    <subfield code="b">: educaci&#xF3;n sexual para decidir, anticonceptivos para non abortar, aborto legal para non morrer</subfield>
    <subfield code="c">/ CCOO Galicia, Secretar&#xED;a da Muller</subfield>
  </datafield>
  <datafield tag="260" ind1=" " ind2=" ">
    <subfield code="a">[S.l.]:</subfield>
    <subfield code="b">CCOO Galicia, Secretar&#xED;a da Muller ,</subfield>
    <subfield code="c">[2018]</subfield>
  </datafield>
  <datafield tag="300" ind1=" " ind2=" ">
    <subfield code="a">2 p. ;</subfield>
    <subfield code="c">30 cm</subfield>
  </datafield>
  <datafield tag="500" ind1=" " ind2=" ">
    <subfield code="a">Manifiesto con motivo del 28 de Septiembre, D&#xED;a Mundial por el Acceso al Aborto Legal y Seguro</subfield>
  </datafield>
  <datafield tag="650" ind1=" " ind2="0">
    <subfield code="a">ABORTO</subfield>
    <subfield code="9">4300</subfield>
  </datafield>
  <datafield tag="650" ind1=" " ind2="0">
    <subfield code="a">DIA MUNDIAL POR EL ACCESO AL ABORTO LEGAL Y SEGURO </subfield>
    <subfield code="9">39824</subfield>
  </datafield>
  <datafield tag="650" ind1=" " ind2="0">
    <subfield code="a">DERECHOS DE LA MUJER</subfield>
    <subfield code="9">392</subfield>
  </datafield>
  <datafield tag="650" ind1=" " ind2="0">
    <subfield code="a">DERECHOS HUMANOS</subfield>
    <subfield code="9">2569</subfield>
  </datafield>
  <datafield tag="650" ind1=" " ind2="0">
    <subfield code="a">SEXUALIDAD</subfield>
    <subfield code="9">10298</subfield>
  </datafield>
  <datafield tag="650" ind1=" " ind2="0">
    <subfield code="a">ASISTENCIA MEDICA</subfield>
    <subfield code="9">556</subfield>
  </datafield>
  <datafield tag="650" ind1=" " ind2="0">
    <subfield code="a">REPRODUCCION</subfield>
    <subfield code="9">2949</subfield>
  </datafield>
  <datafield tag="650" ind1=" " ind2="0">
    <subfield code="a">MOVIMIENTO FEMINISTA</subfield>
    <subfield code="9">4309</subfield>
  </datafield>
  <datafield tag="856" ind1=" " ind2=" ">
    <subfield code="z">PDF</subfield>
    <subfield code="u">https://docpublicos.ccoo.es/cendoc/069099EducacionSexualPara.pdf</subfield>
  </datafield>
  <datafield tag="942" ind1=" " ind2=" ">
    <subfield code="c">DOCU_ELEC</subfield>
    <subfield code="2">ddc</subfield>
  </datafield>
  <datafield tag="999" ind1=" " ind2=" ">
    <subfield code="c">60808</subfield>
    <subfield code="d">60808</subfield>
  </datafield>
  <datafield tag="952" ind1=" " ind2=" ">
    <subfield code="0">0</subfield>
    <subfield code="1">0</subfield>
    <subfield code="2">ddc</subfield>
    <subfield code="4">0</subfield>
    <subfield code="7">0</subfield>
    <subfield code="a">CENDO</subfield>
    <subfield code="b">CENDO</subfield>
    <subfield code="d">2024-10-16</subfield>
    <subfield code="i">069099</subfield>
    <subfield code="l">0</subfield>
    <subfield code="p">2024-2149</subfield>
    <subfield code="r">2024-10-16 00:00:00</subfield>
    <subfield code="w">2024-10-16</subfield>
    <subfield code="y">DOCU_ELEC</subfield>
  </datafield>
</record>
